LEADER 01232nam 2200337 450 001 9910286357503321 005 20230814224320.0 010 $a1-5386-5438-5 035 $a(CKB)4100000006612120 035 $a(WaSeSS)IndRDA00121892 035 $a(EXLCZ)994100000006612120 100 $a20200415d2018 uy 0 101 0 $aeng 135 $aur||||||||||| 181 $ctxt$2rdacontent 182 $cc$2rdamedia 183 $acr$2rdacarrier 200 10$a2018 IEEE 17th International Conference on Mathematical Methods in Electromagnetic Theory $e2-5 July 2018, Kiev, Ukraine /$fInstitute of Electrical and Electronics Engineers 210 1$aPiscataway, New Jersey :$cInstitute of Electrical and Electronics Engineers,$d2018. 215 $a1 online resource (163 pages) 311 $a1-5386-5439-3 606 $aElectromagnetism$xMathematics$vCongresses 615 0$aElectromagnetism$xMathematics 676 $a537.0151 712 02$aInstitute of Electrical and Electronics Engineers, 801 0$bWaSeSS 801 1$bWaSeSS 906 $aPROCEEDING 912 $a9910286357503321 996 $a2018 IEEE 17th International Conference on Mathematical Methods in Electromagnetic Theory$92495257 997 $aUNINA LEADER 01800nas 2200505 c 450 001 9910895025903321 005 20260218112902.0 024 7 $aurn:nbn:de:hbz:061:3-4174 035 $a(CKB)3790000000121124 035 $a(DE-599)ZDB2595957-8 035 $a(OCoLC)704839889 035 $a(OCoLC)711828649 035 $a(DE-101)1010201190 035 $a(DE-599)2595957-8 035 $a(EXLCZ)993790000000121124 100 $a20110223a20079999 |y | 101 0 $ager 135 $aur||||||||||| 181 $ctxt$2rdacontent 182 $cc$2rdamedia 183 $acr$2rdacarrier 200 00$aSozialversicherungspflichtig Beschäftigte nach dem Wohnortprinzip$eSozialversicherungspflichtig Beschäftigte in Remscheid nach dem Arbeitsortprinzip$fStadt Remscheid, Die Oberbürgermeisterin, Zentraldienst Stadtentwicklung und Wirtschaft, Statistikstelle 210 31$aRemscheid$d2007- 215 $aOnline-Ressource 225 0 $aInformationen der Statistikstelle / Stadt Remscheid 606 $aArbeitnehmer$3(DE-588)4002623-1$3https://d-nb.info/gnd/4002623-1$3(DE-101)04002623X$2gnd 606 $aArbeitnehmer$3(DE-588)4002623-1$3https://d-nb.info/gnd/4002623-1$3(DE-101)04002623X$2gnd 607 $aRemscheid$2gnd 608 $aZeitschrift$2gnd-content 608 $aOnline-Publikation$2gnd 608 $aZeitschrift$2gnd 615 7$aArbeitnehmer. 615 7$aArbeitnehmer. 676 $a310 676 $a300 686 $a99 ; Remscheid$a543630$a521400$2nwbib 712 02$aRemscheid$4isb 712 02$aRemscheid$bStatistikstelle$4isb 801 0$b0061 801 1$bDE-101 801 2$b9999 906 $aJOURNAL 912 $a9910895025903321 996 $aSozialversicherungspflichtig Bescha?ftigte nach dem Wohnortprinzip$94247206 997 $aUNINA